[Event "Vizag GM Open"]
[Site "Visakhapatnam IND"]
[Date "2011.11.26"]
[Round "4"]
[White "Sundararajan,K"]
[Black "Shashikant,K"]
[Result "1/2-1/2"]
[WhiteElo "2474"]
[BlackElo "2289"]

1.d4 Nf6 2.c4 g6 3.Nc3 Bg7 4.e4 d6 5.Nf3 O-O 6.Be2 e5 7.O-O Nbd7 8.Be3 Re8
9.d5 Nh5 10.g3 Bf8 11.Ne1 Ng7 12.Nd3 f5 13.f3 Be7 14.Qd2 g5 15.exf5 Nxf5
16.Ne4 Nxe3 17.Qxe3 Nf8 18.Ndf2 Ng6 19.Rfd1 b6 20.Bf1 Rf8 21.Bh3 Bxh3 22.Nxh3 h6
23.Nhf2 Kg7 24.b4 a5 25.a3 Qd7 26.c5 dxc5 27.bxc5 bxc5 28.Rac1 Rf7 29.Nxc5 Bxc5
30.Rxc5 Raf8 31.Rdc1 Rxf3 32.Rxc7 Rxe3 33.Rxd7+ Rf7 34.Rxf7+ Kxf7 35.Rc7+ Ke8
36.d6 Rxa3 37.Ne4 Rd3 38.Ra7 a4 39.Nf6+ Kf8 40.Ra8+ Kf7 41.d7 Kxf6 42.d8=Q+ Rxd8
43.Rxd8 g4 44.Ra8 h5 45.Rxa4 Kf5 46.Kf2 Ne7 47.Ra5 Ng8 48.Ke3 Nf6 49.Rc5 Ne4
50.Rc6 Nf6 51.Rd6 Ne4 52.Rh6 Nf6 53.Rh8 Kg6 54.Kd3 Kg7 55.Ra8 Kg6 56.Kc4 Kf5
57.Kd3 Kg6 58.Ra1 Kf5 59.Rf1+ Ke6 60.Kc4 Ne4 61.Rf8 Nf6 62.Rh8 Kf5 63.Kc5 Ke6
64.Ra8 Ne4+ 65.Kc6 Nf6 66.Ra7 Ne4 67.Rh7 Nf6 68.Rh8 Ke7 69.Ra8 Ke6 70.Ra6 Ne4
71.Kb5+ Kf5 72.Kc4 Nf6 73.Rc6 Ne4 74.Kd5 Nd2 75.Rc2 Nf3 76.Re2 e4 77.Rxe4 Nxh2
78.Re8 h4 79.gxh4 g3 80.Rf8+ Kg4 81.Rg8+ Kxh4 82.Ke4 Kh3 83.Rxg3+  1/2-1/2

[Event "TCh-HUN 2011-12"]
[Site "Budapest HUN"]
[Date "2011.11.27"]
[Round "4"]
[White "Bakos,B"]
[Black "Farkas,Ti"]
[Result "1-0"]
[WhiteElo "2390"]
[BlackElo "2255"]

1.d4 Nf6 2.c4 g6 3.Nc3 Bg7 4.e4 d6 5.Nf3 O-O 6.Be2 e5 7.O-O Na6 8.Be3 Qe8
9.dxe5 dxe5 10.Nd2 c6 11.a3 Qe7 12.b4 Rd8 13.Qc2 Ng4 14.Bxg4 Bxg4 15.Rfb1 Nc7
16.f3 Bd7 17.c5 a6 18.Na4 Be6 19.Nb6 Rab8 20.Ndc4 Bxc4 21.Nxc4 Rd7 22.Nb6 Rdd8
23.a4 Bf8 24.Nc4 Bg7 25.Rd1 Ne8 26.Na5 Qc7 27.Ra3 Rxd1+ 28.Qxd1 Rd8 29.Rd3 Rxd3
30.Qxd3 Bf6 31.Bc1 Bg7 32.Bb2 Kf8 33.g3 Kg8 34.Kg2 Bf8 35.Nc4 Bg7 36.Nb6 f6
37.Qc4+ Qf7 38.Qxf7+ Kxf7 39.Nc4 Ke6 40.Na5 Bh6 41.Bc3 Be3 42.Nxb7 Kd7 43.Kf1 Nc7
44.Na5 Ne6 45.Nb3 h5 46.Be1 Nd4 47.Nxd4 Bxd4 48.Ke2 g5 49.h3 Kc7 50.Kd3 Kd7
51.g4 h4 52.f4 gxf4 53.Bxh4 Ke6 54.Be1 f3 55.Bg3 Kf7 56.h4 Kg6 57.h5+ Kg5
58.b5 axb5 59.axb5 cxb5 60.c6 Bb6 61.Bf2 Bd8 62.Be3+ Kxg4 63.h6 f5 64.h7 fxe4+
65.Kxe4  1-0

[Event "TCh-CZE Liga 1 Zapad"]
[Site "Czech Rep CZE"]
[Date "2011.11.27"]
[Round "4.5"]
[White "Straka,V"]
[Black "Folk,P"]
[Result "1/2-1/2"]
[WhiteElo "2246"]
[BlackElo "2238"]

1.d4 Nf6 2.c4 g6 3.Nc3 Bg7 4.e4 d6 5.Nf3 O-O 6.Be2 e5 7.d5 a5 8.Bg5 h6 9.Bh4 Na6
10.Nd2 Qe8 11.O-O Nh7 12.a3 Bd7 13.b3 h5 14.f3 Bh6 15.Kh1 Be3 16.Bf2 Bxf2
17.Rxf2 Qe7 18.Qc2 h4 19.Qb2 g5 20.Rg1 Nf6 21.g3 hxg3 22.hxg3 Kg7 23.g4 Rh8+
24.Kg2 Rh4 25.Nf1 Rah8 26.Qd2 Nh7 27.Ng3 Nf8 28.Nf5+ Bxf5 29.exf5 Nc5 30.b4 axb4
31.axb4 Nb3 32.Qe3 Nd4 33.Ne4 f6 34.Bd1 Nd7 35.Kf1 Ra8 36.Qc1 b6 37.Qc3 Qf8
38.Qc1 Qe7 39.Qc3 Qf8 40.Qc1 Qe7  1/2-1/2

[Event "TCh-CZE Liga 1 Zapad"]
[Site "Czech Rep CZE"]
[Date "2011.11.27"]
[Round "4.7"]
[White "Cuhra,M"]
[Black "Turner,R"]
[Result "1/2-1/2"]
[WhiteElo "2169"]
[BlackElo "2128"]

1.d4 Nf6 2.c4 g6 3.Nc3 Bg7 4.e4 d6 5.Nf3 O-O 6.Be2 e5 7.O-O Na6 8.Be3 c6
9.Qc2 Qc7 10.Rfd1 Bg4 11.Rac1 Nh5 12.h3 Bxf3 13.Bxf3 Nf4 14.Bxf4 exf4 15.Qd2 g5
16.Bg4 Qe7 17.Bf5 Nc7 18.b4 b6 19.a4 Rfd8 20.b5 c5 21.dxc5 dxc5 22.Nd5 Nxd5
23.exd5 Qd6 24.Bb1 Re8 25.Qd3 h6 26.Re1 Kf8 27.Qf5 Rad8 28.Kf1 Re5 29.Rxe5 Qxe5
30.Qxe5 Bxe5 31.Ke2 Ke7 32.Kf3 h5 33.Re1 Kf6 34.Re2 Rd7 35.Rd2 Bd6 36.Ra2 Bc7
37.Re2 Re7 38.Rxe7 Kxe7 39.Ke4 h4 40.Bc2 f6 41.Bd1  1/2-1/2

[Event "TCh-CZE Liga 1 Zapad"]
[Site "Czech Rep CZE"]
[Date "2011.11.27"]
[Round "4.6"]
[White "Jurasek,M"]
[Black "Juptner,J"]
[Result "0-1"]
[WhiteElo "2293"]
[BlackElo "2318"]

1.d4 Nf6 2.c4 g6 3.Nc3 Bg7 4.e4 d6 5.Be2 O-O 6.Nf3 Na6 7.O-O e5 8.Be3 h6
9.Nd2 Ng4 10.Nb3 Nxe3 11.fxe3 exd4 12.exd4 c5 13.Kh1 Be6 14.Nb5 Qb6 15.a4 Qd8
16.Qe1 Qe7 17.Qg3 Rfd8 18.Rad1 Nb4 19.e5 dxe5 20.Nxc5 exd4 21.Nxe6 Qxe6 22.Bg4 Qe5
23.Qf3 f5 24.Rde1 Qc5 25.Re6 fxg4 26.Qf7+ Kh8 27.Re7 Rg8 28.Rc7 Qg5 29.Nd6 g3
30.Qd7 Qh5 31.h3 Qe2 32.Kg1 d3 33.Nf7+ Kh7 34.Qd6 Nc2 35.Ne5 Qe4 36.Ng4 Kh8
37.Rxg7 Kxg7 38.Qf6+ Kh7 39.Qh4 Qd4+ 40.Kh1 h5 41.Qg5 Rgf8 42.Qe7+ Qg7  0-1

[Event "Frauenbundesliga 2011-12"]
[Site "Germany GER"]
[Date "2011.11.27"]
[Round "4.2"]
[White "Goehler, Antje"]
[Black "Mader, Manuela"]
[Result "1-0"]
[WhiteElo "2134"]
[BlackElo "2190"]

1.d4 Nf6 2.Nf3 g6 3.c4 Bg7 4.Nc3 d6 5.e4 O-O 6.Be2 e5 7.dxe5 dxe5 8.Qxd8 Rxd8
9.Bg5 Re8 10.Nd5 Nxd5 11.cxd5 c6 12.Bc4 Nd7 13.dxc6 bxc6 14.O-O Nb6 15.Bb3 Be6
16.Bxe6 Rxe6 17.Rac1 h6 18.Be3 f5 19.Nd2 Nd7 20.f3 Nf6 21.Rc4 Rb8 22.Nb3 Bf8
23.Rd1 fxe4 24.fxe4 a5 25.h3 Rb4 26.Rxb4 axb4 27.Rd8 Rd6 28.Rxd6 Bxd6 29.Nd2 h5
30.Kf1 Kf7 31.Ke2 Ke6 32.Kd3 Be7 33.Kc4 Ne8 34.Nb3 Nf6 35.Nc5+ Bxc5 36.Bxc5 Nxe4
37.Bxb4 Nf6 38.a4 Kd7 39.Bc3 Nd5 40.Bxe5 Ne3+ 41.Kc5 Nxg2 42.a5 Ne1 43.a6  1-0

[Event "TCh-HUN 2011-12"]
[Site "Komarom HUN"]
[Date "2011.11.27"]
[Round "4"]
[White "Balazs,G2"]
[Black "Kerek,K"]
[Result "1/2-1/2"]
[WhiteElo "2435"]
[BlackElo "2300"]

1.d4 Nf6 2.c4 g6 3.Nc3 Bg7 4.e4 d6 5.Be2 O-O 6.Be3 e5 7.Nf3 h6 8.O-O Ng4
9.Bc1 Nc6 10.d5 Ne7 11.Ne1 f5 12.Bxg4 fxg4 13.Be3 g5 14.Nd3 Ng6 15.c5 Rf7
16.b4 Nf4 17.Nb2 Bf8 18.Nc4 h5 19.a4 h4 20.b5 b6 21.cxb6 axb6 22.a5 bxa5
23.Rxa5 Rxa5 24.Nxa5 Qf6 25.Nc6 Rh7 26.Re1 g3 27.fxg3 hxg3 28.hxg3 Qh6 29.gxf4 gxf4
30.Ba7 Qh2+ 31.Kf1 f3 32.Qxf3 Rf7 33.Bf2 Rxf3 34.gxf3  1/2-1/2

[Event "TCh-SVK Extraliga 2011-12"]
[Site "Slovakia SVK"]
[Date "2011.11.27"]
[Round "4"]
[White "Svana,P"]
[Black "Macak,S"]
[Result "1-0"]
[WhiteElo "2258"]
[BlackElo "2368"]

1.d4 Nf6 2.c4 g6 3.Nc3 Bg7 4.e4 d6 5.Nf3 O-O 6.Be2 Nbd7 7.O-O e5 8.Re1 c6
9.Bf1 a6 10.d5 c5 11.a3 h6 12.Bd2 Ne8 13.g3 Qe7 14.Nh4 Kh7 15.b4 Bf6 16.Ng2 Bg5
17.h4 Bxd2 18.Qxd2 Ng7 19.Ne3 f5 20.exf5 gxf5 21.Bd3 Kg8 22.Ng2 Qf6 23.Rab1 Qg6
24.Rb3 b6 25.Na4 Qf6 26.bxc5 bxc5 27.Nc3 Ra7 28.Qb2 Ne8 29.a4 f4 30.gxf4 Kh8
31.Ne4 Qg7 32.Ng3 Rg8 33.Bf1 Nef6 34.Nf5 Qf8 35.Nxd6 exf4 36.Re6 Qg7 37.Nf5 Qf8
38.Ne7 Rg7 39.Nxc8 Qxc8 40.Rxf6 Nxf6 41.Rb8 Qg8 42.Rxg8+ Nxg8 43.Kh2 Rf7
44.Qb8 f3 45.Ne3 Rb7 46.Qf8 Rbf7 47.Qxc5 Rf4 48.Bh3 Rxh4 49.Qf8  1-0

[Event "TCh-HUN 2011-12"]
[Site "Szombathely HUN"]
[Date "2011.11.27"]
[Round "4"]
[White "Polak,T"]
[Black "Soos,A"]
[Result "1-0"]
[WhiteElo "2543"]
[BlackElo "2394"]

1.d4 Nf6 2.c4 g6 3.Nc3 Bg7 4.e4 d6 5.Nf3 O-O 6.Be2 e5 7.O-O Nbd7 8.Re1 a5
9.Bf1 Re8 10.dxe5 dxe5 11.Be3 c6 12.Qc2 Qc7 13.h3 b6 14.Na4 Ba6 15.c5 bxc5
16.Bxa6 Rxa6 17.Bxc5 Bf8 18.Be3 Qb7 19.b3 Qb4 20.Nd2 Nh5 21.Nc4 Qe7 22.Rad1 Qe6
23.Qd3 Ndf6 24.Nd6 Bxd6 25.Qxa6 Bb4 26.Bd2 Nf4 27.Bxb4 axb4 28.Nc5 Qe7 29.Qc4 Rf8
30.Kh2 N6h5 31.g3 Qg5 32.Nd3 Ne6 33.Qc1 Qf6 34.Qe3 Rd8 35.Nxb4 Nd4 36.Rf1 Nf3+
37.Kg2 Rxd1 38.Rxd1 Nh4+ 39.gxh4 Qxh4 40.Nd3  1-0

[Event "Vilnius Open 2011"]
[Site "Vilnius LTU"]
[Date "2011.11.27"]
[Round "9"]
[White "Kuciel,W"]
[Black "Jankunas,T"]
[Result "1-0"]
[WhiteElo "1995"]
[BlackElo "1932"]

1.d4 Nf6 2.c4 g6 3.Nc3 Bg7 4.e4 d6 5.Nf3 O-O 6.Be2 e5 7.Be3 exd4 8.Nxd4 Re8
9.f3 Nc6 10.Qd2 Nh5 11.Nxc6 bxc6 12.g4 Nf6 13.h4 Qe7 14.O-O-O a5 15.h5 Bxg4
16.hxg6 hxg6 17.Bh6 Bh5 18.Rdg1 Rab8 19.Qg5 Qe5 20.Qd2 Qe7 21.Bg5 Qe6 22.Bd1 Kf8
23.Rg3 Ng8 24.Bb3 Bxc3 25.bxc3 c5 26.Ba4 Rec8 27.Bc6 Rb6 28.Bd5 Qe8 29.Qf4 Rcb8
30.Kd2 Qe5 31.Qxf7+  1-0

[Event "Cultural Village Tournament"]
[Site "Wijk aan Zee NED"]
[Date "2011.11.27"]
[Round "6.4"]
[White "Peelen,P"]
[Black "Bernadskiy,V"]
[Result "1-0"]
[WhiteElo "2362"]
[BlackElo "2439"]

1.Nf3 Nf6 2.c4 g6 3.Nc3 Bg7 4.e4 d6 5.d4 O-O 6.Be2 Nbd7 7.O-O e5 8.Be3 Qe7
9.Qc2 exd4 10.Nxd4 c6 11.Rad1 Re8 12.f3 a5 13.Kh1 Nh5 14.Qd2 f5 15.Bg5 Bf6
16.Bxf6 Ndxf6 17.exf5 gxf5 18.Qg5+ Ng7 19.Bd3 Qe5 20.Nce2 Nh5 21.f4 Qf6 22.Qxf6 Nxf6
23.Ng3 Ng4 24.Rf3 Nh6 25.h3 Bd7 26.Kg1 Kf7 27.Kf2 Kf6 28.Re3 Rxe3 29.Kxe3 Re8+
30.Kf2 Nf7 31.Be2 Kg6 32.Rd3 h5 33.Nf3 Be6 34.Ra3 b6 35.Re3 Kf6 36.Nh4 Rh8
37.Rc3 Nd8 38.Bf3 Rh6 39.b3 Bd7 40.Rd3 Nb7 41.a3 Rh8 42.b4 axb4 43.axb4 Ra8
44.b5 Rc8 45.bxc6 Bxc6 46.Nxh5+ Nxh5 47.Bxh5 Be4 48.Rd4 Ke7 49.Bg6 Kf6 50.g4 d5
51.g5+ Kg7 52.Bxf5 Rf8 53.Bxe4 Rxf4+ 54.Bf3 Rxd4 55.Nf5+ Kg6 56.Nxd4 Kxg5
57.Bxd5 Nc5 58.Ne6+  1-0

[Event "VIII Regina Prol"]
[Site "Santos BRA"]
[Date "2011.11.29"]
[Round "5.1"]
[White "Abdalla,L"]
[Black "Barreto Filho,C"]
[Result "0-1"]
[WhiteElo "2274"]
[BlackElo "2307"]

1.d4 Nf6 2.c4 g6 3.Nc3 Bg7 4.e4 d6 5.Nf3 O-O 6.Be2 e5 7.O-O Nbd7 8.Re1 c6
9.Rb1 Re8 10.d5 Nc5 11.Bf1 cxd5 12.cxd5 a5 13.b4 axb4 14.Rxb4 Nfd7 15.Nb5 Nb6
16.a3 Bf8 17.Nd2 Bd7 18.Nb1 Nba4 19.N1c3 Nxc3 20.Nxc3 Be7 21.Nb5 Qb8 22.Be3 Rc8
23.Qb1 f5 24.exf5 Bxf5 25.Qd1 Bd8 26.Rc4 Ba5 27.Bxc5 Rxc5 28.Rxc5 Bxe1 29.Rc1 Ba5
30.Bd3 Bd7 31.h4 Bb6 32.Rc2 Bc5 33.h5 Kg7 34.a4 Qd8 35.Ra2 Qh4 36.Nc3 Qxh5
37.Qxh5 gxh5 38.Rb2 Ra7 39.Rb3 b6 40.Be2 Bxa4 41.Nxa4 Rxa4 42.Rg3+ Kh6 43.Rf3 Rd4
44.Rd3 Re4 45.Kf1 h4 46.Rb3 Ra4 47.Rb1 Ra2 48.Ke1 Kg5 49.Kf1 b5 50.Ke1 b4
51.Rb3 Ra1+ 52.Bd1 Bxf2+ 53.Ke2 Bc5 54.Bc2 Rg1 55.Be4 Kf4  0-1

[Event "Vizag GM Open"]
[Site "Visakhapatnam IND"]
[Date "2011.11.29"]
[Round "9"]
[White "Thejkumar,M"]
[Black "Shashikant,K"]
[Result "1-0"]
[WhiteElo "2452"]
[BlackElo "2289"]

1.d4 Nf6 2.c4 g6 3.Nc3 Bg7 4.e4 d6 5.Nf3 O-O 6.Be2 e5 7.O-O Nbd7 8.Be3 Re8
9.Qc2 exd4 10.Bxd4 c6 11.Rad1 Qe7 12.Rfe1 Ne5 13.b4 Nh5 14.g3 Be6 15.Nxe5 dxe5
16.Bc5 Qg5 17.Be3 Nf4 18.Kh1 Rad8 19.Rxd8 Rxd8 20.Rd1 Bh3 21.Bf3 Rxd1+ 22.Qxd1 Qf6
23.gxf4 exf4 24.Bd2 Qd4 25.Kg1 Qxc4 26.Ne2 g5 27.Be1 h6 28.Qb3 Qxb3 29.axb3 Be6
30.Nc1 g4 31.Be2 f3 32.Bc4 Bd7 33.Bd2 b5 34.Bd3 h5 35.Bc2 Bd4 36.Nd3 f6 37.Be3 Bxe3
38.fxe3 Kg7 39.Kf2 Kg6 40.h4 Kg7 41.Kg3 Kf8 42.e5 Ke7 43.Nf4 fxe5 44.Nxh5 Kf7
45.Kf2 Be6 46.Ng3 Ke7 47.h5 Kf6 48.h6 Bc8 49.Nh5+  1-0

[Event "61st ch-GRE 2011"]
[Site "Chania GRE"]
[Date "2011.11.30"]
[Round "4"]
[White "Pavlidis,Ana"]
[Black "Nikolaou,G"]
[Result "1-0"]
[WhiteElo "2352"]
[BlackElo "2233"]

1.d4 Nf6 2.c4 g6 3.Nc3 Bg7 4.e4 d6 5.Nf3 O-O 6.Be2 Na6 7.O-O e5 8.Be3 Qe8
9.dxe5 dxe5 10.h3 Qe7 11.Nd5 Qd8 12.Qc2 c6 13.Nxf6+ Bxf6 14.Rfd1 Qe7 15.c5 Nc7
16.Rd6 Be6 17.Rad1 Rfd8 18.Qa4 a6 19.Qa5 Ne8 20.Rxd8 Rxd8 21.Rxd8 Qxd8 22.Qxd8 Bxd8
23.a3 f6 24.Nd2 Kf7 25.Bc4 f5 26.f3 Nf6 27.Bxe6+ Kxe6 28.Kf1 fxe4 29.fxe4 Nh5
30.Ke2 Nf4+ 31.Kf3 Nd3 32.Nc4 Ne1+ 33.Kg3 Nc2 34.Bd2 Be7 35.b4 Bd8 36.Bc3 Bg5
37.Bb2 Ne3 38.Nxe5 Nd1 39.Nf3 Be3 40.Bd4 Bc1 41.Ne1 Nb2 42.Kg4 h5+ 43.Kg3 g5
44.Kf3 Nc4 45.Nd3 Bxa3 46.Bc3 b6 47.cxb6 Nxb6 48.Nc5+ Ke7 49.Nxa6 Nd7 50.e5 c5
51.b5 Nb6 52.Ke4 g4 53.Nb8 gxh3 54.gxh3 Ke6 55.Ba5 Nc4 56.Nc6 Bb2 57.Bc7 Kd7
58.Bb8 Na3 59.Na7 c4 60.b6 c3 61.Kd5 c2 62.e6+ Ke8 63.Bf4 c1=Q 64.Bxc1 Bxc1
65.b7 Bf4 66.Nc6 Nc2 67.b8=Q+ Bxb8 68.Nxb8 Ne3+ 69.Ke5 h4 70.Nc6 Ng4+ 71.Kd6 Nf2
72.Nd4 Ne4+ 73.Ke5 Ng5 74.Nf5 Nxh3 75.Kf6 Nf4 76.Ng7+  1-0

[Event "Porec Open 2011"]
[Site "Porec CRO"]
[Date "2011.12.01"]
[Round "1.15"]
[White "Konic,Z"]
[Black "Rafaelic,Denis"]
[Result "1/2-1/2"]
[WhiteElo "2118"]
[BlackElo "1745"]

1.d4 Nf6 2.c4 g6 3.Nc3 Bg7 4.e4 d6 5.Nf3 O-O 6.Be2 e5 7.dxe5 dxe5 8.Bg5 Qxd1+
9.Rxd1 c6 10.h3 Be6 11.O-O Na6 12.Be3 Nh5 13.Ng5 Nf4 14.Nxe6 Nxe6 15.a3 Nd4
16.b4 Nc7 17.c5 a5 18.Bc4 axb4 19.axb4 Ra3 20.Ne2 Ra4 21.Nxd4 exd4 22.Bxd4 Rxb4
23.Bxg7 Kxg7 24.Rc1 Rd8 25.f3 Rd2 26.Rf2 Rxf2 27.Kxf2 Kf6 28.Ke3 Ne6 29.Bxe6 Kxe6
30.g4 f5 31.Kf4 fxe4 32.fxe4 Rb2 33.Kg5 Ke5 34.Kh6 Kxe4 35.Kxh7 g5 36.Kg6 Kf4
37.Rc4+ Kg3 38.Kxg5 Kxh3 39.Rc3+ Kg2 40.Kg6 Kf2 41.g5 Ke2 42.Kf7 Kd2 43.Rf3 Rb5
44.Rf5 b6 45.g6 bxc5 46.g7 Rb7+ 47.Kg6 Rxg7+ 48.Kxg7 c4 49.Rc5 c3 50.Rxc6 c2
51.Rxc2+ Kxc2  1/2-1/2

[Event "TCh-AUT 2 Mitte 2011-12"]
[Site "Maria Saal AUT"]
[Date "2011.12.02"]
[Round "4"]
[White "Singer,H"]
[Black "Ertl,J"]
[Result "0-1"]
[WhiteElo "2260"]
[BlackElo "2274"]

1.Nf3 Nf6 2.c4 g6 3.Nc3 Bg7 4.e4 d6 5.d4 O-O 6.Be2 e5 7.d5 a5 8.Bg5 Qe8 9.Nd2 Nfd7
10.Qc2 f5 11.f3 Nf6 12.Be3 Na6 13.b3 Rf7 14.a3 Qf8 15.Rb1 Bh6 16.Bxh6 Qxh6
17.b4 fxe4 18.Ncxe4 axb4 19.axb4 Nxe4 20.Nxe4 Bf5 21.Bd3 Qe3+ 22.Qe2 Qd4
23.Nf2 Nxb4 24.Bxf5 Ra2 25.Qxa2 Nxa2  0-1

[Event "80th Anniversary Mollet CM"]
[Site "Mollet del Valles ESP"]
[Date "2011.12.04"]
[Round "2"]
[White "Shatko,D"]
[Black "Fernandez Diaz,Cr"]
[Result "0-1"]
[WhiteElo "2125"]
[BlackElo "2114"]

1.d4 Nf6 2.c4 g6 3.Nc3 Bg7 4.e4 d6 5.Nf3 O-O 6.Be2 e5 7.Be3 Ng4 8.Bg5 f6
9.Bd2 Nc6 10.d5 Nd4 11.Nxd4 exd4 12.Bxg4 dxc3 13.Bxc3 Bxg4 14.Qxg4 f5 15.exf5 Bxc3+
16.bxc3 Qe8+ 17.Kd2 Rxf5 18.f3 Qf7 19.Rae1 b5 20.Qd4 bxc4 21.Re6 Rg5 22.Rg1 Rb8
23.Kc1 c6 24.Rxd6 Qb7 25.Qe4 Qb2+ 26.Kd1 Qb1+ 27.Ke2 Rb2+  0-1

[Event "XVII Navalmoral Open"]
[Site "Navalmoral de la Mata ESP"]
[Date "2011.12.04"]
[Round "2"]
[White "Barria Zuniga,D"]
[Black "Perez Candelario,Man"]
[Result "0-1"]
[WhiteElo "2438"]
[BlackElo "2558"]

1.d4 Nf6 2.c4 g6 3.Nc3 Bg7 4.e4 d6 5.Nf3 O-O 6.Be2 Na6 7.O-O e5 8.Rb1 exd4
9.Nxd4 Re8 10.f3 c6 11.Kh1 Nh5 12.Be3 f5 13.Qd2 f4 14.Bf2 Be5 15.Rfd1 Qf6
16.Nb3 Ng3+ 17.Kg1 Nxe2+ 18.Qxe2 Be6 19.Nd4 Bf7 20.g4 fxg3 21.hxg3 g5 22.Kg2 Nc7
23.Qd3 Rad8 24.Rbc1 Bg6 25.Qd2 Rf8 26.Rf1 c5 27.Nf5 Bxf5 28.exf5 Qxf5 29.Be3 g4
30.f4 Bxc3 31.Rxc3 b6 32.Qc2 d5 33.Qxf5 Rxf5 34.Bf2 dxc4 35.Rxc4 Rd2 36.Re1 Rxb2
37.Re7 Nd5 38.Ree4 Rxa2 39.Kg1 Kf7 40.Re1 Nf6 41.Rc3 Rd5 42.Rce3 Rd7 43.Re6 Rad2  0-1

[Event "Ascona Gp B"]
[Site "Ascona SUI"]
[Date "2011.12.06"]
[Round "4.4"]
[White "Brancaleoni,M"]
[Black "Joksic,S"]
[Result "1/2-1/2"]
[WhiteElo "2275"]
[BlackElo "2255"]

1.d4 Nf6 2.c4 g6 3.Nc3 Bg7 4.e4 d6 5.Be2 O-O 6.Nf3 e5 7.Be3 Nc6 8.d5 Ne7
9.Nd2 Nd7 10.b4 f5 11.f3 Nf6 12.c5 fxe4 13.fxe4 Nh5 14.Bf3 a5 15.bxa5 Rxa5
16.cxd6 cxd6 17.O-O Nf4 18.a4 Bd7 19.Qb3 Qc8 20.Nb5 Bxb5 21.axb5 Rxa1 22.Rxa1 g5
23.Nc4 Nh3+ 24.Kh1 g4 25.Be2 Nf2+ 26.Bxf2 Rxf2 27.Qe3 Qf8 28.Nxd6 Bh6 29.Qd3  1/2-1/2

[Event "2nd JAHV McGregor Open"]
[Site "Bogota COL"]
[Date "2011.12.06"]
[Round "1"]
[White "Ramirez,Ca COL"]
[Black "Iafrancesco,Esteban"]
[Result "1-0"]
[WhiteElo "2321"]
[BlackElo "1833"]

1.d4 Nf6 2.c4 g6 3.Nc3 Bg7 4.e4 d6 5.Nf3 O-O 6.Be2 e5 7.d5 a5 8.Bg5 Nbd7
9.Nd2 h6 10.Bh4 Nc5 11.O-O g5 12.Bg3 Nfxe4 13.Ndxe4 Nxe4 14.Nxe4 f5 15.Nc3 f4
16.Bd3 fxg3 17.hxg3 Bd7 18.Qe2 Qf6 19.Ne4 Qf7 20.g4 Qf4 21.f3 a4 22.Rad1 Rab8
23.Bb1 Rfe8 24.Rfe1 Ra8 25.Qc2 b6 26.Rd2 Rad8 27.Rf2 Ra8 28.Qd3 Qf7 29.g3 Qg6
30.Qd2 Qf7 31.Ref1 Qe7 32.Qd3 Rab8 33.Kg2 b5 34.c5 dxc5 35.d6 cxd6 36.Nxd6 Red8
37.Qh7+ Kf8 38.f4 Bc6+ 39.Kh2 gxf4 40.Rxf4+ exf4 41.Rxf4+ Qf6 42.Rxf6+ Bxf6
43.Qf7+  1-0

[Event "2nd JAHV McGregor Open"]
[Site "Bogota COL"]
[Date "2011.12.06"]
[Round "1"]
[White "Moreno Londono,Jairo Antonio"]
[Black "Bruzon Batista,L"]
[Result "0-1"]
[WhiteElo "1889"]
[BlackElo "2689"]

1.d4 Nf6 2.Nf3 g6 3.c4 Bg7 4.Nc3 d6 5.e4 O-O 6.Be2 Nbd7 7.O-O e5 8.dxe5 dxe5
9.h3 c6 10.Be3 Qe7 11.Qc2 Nh5 12.g3 Nc5 13.Kg2 Ne6 14.Rad1 f5 15.exf5 gxf5
16.Nxe5 Bxe5 17.Bxh5 f4 18.gxf4 Nxf4+ 19.Bxf4 Rxf4 20.Kh1 Bxh3 21.Rg1+ Kh8
22.Qe2 Rh4  0-1

[Event "2nd JAHV McGregor Open"]
[Site "Bogota COL"]
[Date "2011.12.07"]
[Round "3"]
[White "Barros,R1"]
[Black "Cano,L"]
[Result "0-1"]
[WhiteElo "2032"]
[BlackElo "2210"]

1.Nf3 Nf6 2.d4 g6 3.c4 Bg7 4.Nc3 O-O 5.e4 d6 6.Be2 e5 7.dxe5 dxe5 8.Qxd8 Rxd8
9.Bg5 Re8 10.O-O-O h6 11.Bh4 Na6 12.Rhe1 c6 13.Nd2 Be6 14.Bg3 Nd7 15.f3 Bf8
16.Bf2 Bc5 17.Bxc5 Ndxc5 18.a3 Rad8 19.Kc2 Bc8 20.b4 Ne6 21.c5 Nd4+ 22.Kb2 b6
23.cxb6 axb6 24.Bc4 b5 25.Ba2 Be6 26.Bxe6 Rxe6 27.Nb3 Red6 28.Rd2 Nc7 29.Nc5 Nde6
30.Rxd6 Rxd6 31.Nxe6 Nxe6 32.Rd1 Rxd1 33.Nxd1 Nd4 34.Ne3 h5 35.a4 bxa4 36.Ka3 Kf8
37.Kxa4 Ke7 38.Ka5 f5 39.Nc4 Ke6 40.Kb6 f4 41.Kb7 g5 42.Kb6 g4 43.Na5 gxf3
44.gxf3  0-1

[Event "61st ch-GRE 2011"]
[Site "Chania GRE"]
[Date "2011.12.07"]
[Round "11"]
[White "Galopoulos,N"]
[Black "Naoum,S"]
[Result "1-0"]
[WhiteElo "2379"]
[BlackElo "2131"]

1.c4 Nf6 2.Nf3 g6 3.Nc3 Bg7 4.e4 d6 5.d4 O-O 6.Be2 e5 7.Be3 c6 8.dxe5 dxe5
9.Nd2 Nbd7 10.c5 Qe7 11.b4 b6 12.cxb6 Qxb4 13.Qb3 c5 14.bxa7 Rxa7 15.Qxb4 cxb4
16.Nd5 Ra4 17.Bd1 Nxd5 18.Bxa4 Nxe3 19.fxe3 Bh6 20.Rc1 Nf6 21.Rf1 Ng4 22.Bb3 Nxe3
23.Rxf7 Nxg2+ 24.Kf2 Rxf7+ 25.Bxf7+ Kxf7 26.Rxc8 Bxd2 27.Kxg2 Kf6 28.Kf3 h5
29.Rc6+ Kg5 30.Rc2 Bf4 31.Rg2+ Kh4 32.Rxg6 Kh3 33.Rg2 Bh6 34.Rb2 Bf8 35.Rc2 Bh6
36.Rc5 Bf4 37.Rb5 Kxh2 38.Rxb4 h4 39.Kg4 Bg3 40.Rb3 Kg2 41.a4 Be1 42.Rh3 Bg3
43.a5 Kf2 44.a6 Ke3 45.a7 Kxe4 46.a8=Q+  1-0

[Event "2nd JAHV McGregor Open"]
[Site "Bogota COL"]
[Date "2011.12.08"]
[Round "6"]
[White "Gomez,Jorge Leonardo"]
[Black "Agudelo,C"]
[Result "0-1"]
[WhiteElo "1913"]
[BlackElo "2072"]

1.d4 Nf6 2.c4 g6 3.Nc3 Bg7 4.e4 d6 5.Nf3 O-O 6.Be2 Nbd7 7.O-O e5 8.h3 Qe7
9.d5 Nh5 10.Re1 a5 11.Qc2 Nc5 12.Be3 b6 13.a3 f5 14.b4 Nb7 15.Bg5 Nf6 16.Rab1 h6
17.Bh4 g5 18.Bg3 f4 19.Bh2 g4 20.Nh4 Kh7 21.Nf5 Bxf5 22.exf5 gxh3 23.gxh3 Kh8
24.Bf3 Qd7 25.Kh1 Nh7 26.Ne4 axb4 27.axb4 Ra3 28.Bg4 h5 29.Bxh5 Rxh3 30.Bg6 f3
31.Rg1 Qd8 32.Rg4 Bh6 33.Rbg1 Bf4 34.Ng3 Nf6 35.Rxf4 exf4 36.Ne4 Nxe4 37.Qxe4 Rxh2+  0-1

[Event "13th Metropolitan GM"]
[Site "Los Angeles USA"]
[Date "2011.12.08"]
[Round "2"]
[White "Ginsburg,M"]
[Black "Kiewra,K"]
[Result "1-0"]
[WhiteElo "2367"]
[BlackElo "2360"]

1.d4 Nf6 2.Nf3 g6 3.c4 Bg7 4.Nc3 O-O 5.e4 d6 6.Be2 Na6 7.O-O e5 8.Rb1 exd4
9.Nxd4 Nc5 10.f3 a5 11.Be3 c6 12.Qd2 Qe7 13.Rbd1 Ne8 14.Nb3 f5 15.Nxc5 Bxc3
16.bxc3 dxc5 17.Qd8 Qxd8 18.Rxd8 Nf6 19.Rxf8+ Kxf8 20.Bxc5+ Ke8 21.e5 Nh5
22.g3 Ng7 23.Rb1 Ne6 24.Bd6 Nd8 25.f4 Be6 26.Kf2 Kd7 27.a3 Kc8 28.Ke3 Nf7
29.Kd4 Nd8 30.h3 Nf7 31.g4 a4 32.c5 Nh6 33.g5 Nf7 34.h4 Ba2 35.Rb2 Bb3 36.h5 Kd7
37.Bc4 Nd8 38.hxg6 hxg6 39.Rh2 Ne6+ 40.Bxe6+ Kxe6 41.Rh7 Re8 42.Rg7 Bc2 43.c4  1-0

[Event "Sportaccord WMG Rapid w"]
[Site "Beijing CHN"]
[Date "2011.12.09"]
[Round "1"]
[White "Stefanova,A"]
[Black "Dembo,Y"]
[Result "1/2-1/2"]
[WhiteElo "2531"]
[BlackElo "2468"]

1.d4 Nf6 2.Nf3 g6 3.c4 Bg7 4.Nc3 O-O 5.e4 d6 6.Be2 e5 7.Be3 Nbd7 8.O-O Re8
9.d5 Nh5 10.g3 Bf8 11.Ne1 Ng7 12.Bh6 f5 13.Qd2 Nf6 14.f3 Ngh5 15.Bxf8 Rxf8
16.Nd3 fxe4 17.fxe4 Bh3 18.Rf3 Ng4 19.Rxf8+ Qxf8 20.Bxg4 Bxg4 21.Qg5 Bh3
22.Nf2 Bd7 23.Rf1 Qg7 24.Ng4 Rf8 25.Rxf8+ Qxf8 26.Kg2 a6 27.a4 Qc8 28.Nh6+ Kg7
29.Nd1 Qf8 30.Ne3 Nf6 31.Qh4 Nxe4 32.Qxe4 Kxh6 33.c5 Kg7 34.cxd6 cxd6 35.Qb4 b5
36.a5 Qe7 37.Qc3 Qd8 38.Qb4 Qc7 39.Qh4 Bc8 40.Kf2 Bb7 41.Ke2 Qf7 42.Qe4 Bc8
43.Qb4 Qc7 44.Qh4 h6 45.Qb4 Bb7 46.Qh4 Bc8 47.Qb4 Qd7 48.Qh4 Qc7  1/2-1/2

[Event "IV Amitan Mem GM"]
[Site "Donetsk UKR"]
[Date "2011.12.09"]
[Round "2"]
[White "Matjushin,G"]
[Black "Levin,Ev"]
[Result "1/2-1/2"]
[WhiteElo "2466"]
[BlackElo "2486"]

1.Nf3 Nf6 2.c4 g6 3.Nc3 Bg7 4.e4 d6 5.d4 O-O 6.Be2 e5 7.O-O Nbd7 8.Be3 Re8
9.d5 Nh5 10.g3 Bf8 11.Ne1 Ng7 12.Qd2 Be7 13.Nd3  1/2-1/2

[Event "14th Metropolitan IM"]
[Site "Los Angeles USA"]
[Date "2011.12.09"]
[Round "5"]
[White "Kavutskiy,K"]
[Black "Abrahamyan,T"]
[Result "1-0"]
[WhiteElo "2303"]
[BlackElo "2264"]

1.d4 Nf6 2.Nf3 g6 3.c4 Bg7 4.Nc3 d6 5.e4 O-O 6.Be2 e5 7.O-O Na6 8.Re1 c6
9.Be3 exd4 10.Nxd4 Re8 11.f3 Nc7 12.Qd2 Ne6 13.Nc2 Qc7 14.Rad1 Bf8 15.g4 a5
16.g5 Nd7 17.f4 Nec5 18.Bf3 b6 19.b3 Bb7 20.h4 Rad8 21.h5 Bg7 22.Bd4 Ne6
23.Bxg7 Kxg7 24.Qh2 Kg8 25.Ne3 f6 26.hxg6 hxg6 27.Qh6 Nef8 28.Ng4 Re7 29.gxf6 Rh7
30.Qg5 Kh8 31.f5 gxf5 32.Qxf5 Bc8 33.Qf4 Ne5 34.Nxe5 dxe5 35.Rxd8 Qxd8 36.Qxe5 Ng6
37.Qg5 Qd4+ 38.Re3 Ne5 39.Kg2 Qd2+ 40.Ne2 Bh3+ 41.Kf2 Nd3+ 42.Rxd3 Qxg5 43.Rd8+ Qg8
44.Rxg8+ Kxg8 45.e5 Bd7 46.Nf4 Rh2+ 47.Bg2 Rh6 48.Kg3 b5 49.c5 Kf7 50.Bf3 b4
51.Bh5+ Rxh5 52.Nxh5 Bf5 53.Nf4 Bb1 54.Ne2 Bxa2 55.Nc1 Bb1 56.Kf4 Bc2 57.Ke3 Bf5
58.Ne2 Be6 59.Nd4 Bd5 60.Kf4 Kg6 61.Kg4 Be4 62.Kf4 Bd5 63.Ke3 Kf7 64.Kd3 Kg6
65.Kc2 Kg5 66.Nxc6  1-0

[Event "80th Anniversary Mollet CM"]
[Site "Mollet del Valles ESP"]
[Date "2011.12.09"]
[Round "7"]
[White "Marches Rios,J"]
[Black "Fernandez Diaz,Cr"]
[Result "1/2-1/2"]
[WhiteElo "2119"]
[BlackElo "2114"]

1.d4 Nf6 2.Nf3 g6 3.c4 Bg7 4.Nc3 O-O 5.e4 d6 6.Be2 e5 7.O-O Na6 8.Re1 c6
9.Bf1 exd4 10.Nxd4 Re8 11.g3 Nc5 12.Bg2 a5 13.h3 a4 14.Rb1 Qa5 15.Bf4 Be6
16.Bf1 Rad8 17.Qd2 Bc8 18.Bg2 Qb6 19.Rbd1 Qa6 20.b3 axb3 21.axb3 Qb6 22.Bg5 Be6
23.Qc2 h6 24.Be3 Ra8 25.Rb1 Qc7 26.Ra1 Kh7 27.Kh2 Nh5 28.Rxa8 Rxa8 29.b4 Na6
30.b5 Nc5 31.bxc6 bxc6 32.e5 Nd7 33.Nxc6 dxe5  1/2-1/2